A reforma trabalhista no Brasil Com os comentr̀ios ̉Lei n. 13.467/2017 /

Detalles Bibliográficos
Autor principal: Godinho Delgado, Mauricio
Otros Autores: Neves Delgado, Gabriela
Formato: eBook
Lenguaje:portugués
Publicado: San Pablo: LTR, 2018
Edición:2da edicin̤
Materias:
Acceso en línea:Acceso restringido

MARC

LEADER 00000nam a22000007a 4500
005 20180907205955.0
007 cr|||| ||||
008 180907s2018 br |||||s|||| 00||0 por d
020 |a 978-85-361-9694-7 
035 |a 22014 
040 |a vLex 
090 |c 8099  |d 8099 
100 1 |a Godinho Delgado, Mauricio 
245 1 1 |a A reforma trabalhista no Brasil  |h [Recurso electrn̤ico] :  |b Com os comentr̀ios ̉Lei n. 13.467/2017 /  |c Mauricio Godinho Delgado, Gabriela Neves Delgado 
250 |a 2da edicin̤ 
256 |a Servicio en ln̕ea 
260 |a San Pablo:  |b LTR,  |c 2018 
300 |a 1 recurso electrn̤ico 
506 1 |a Disponible solo en los productos indicados  |d vLex Global  |d vLex Global (Academic Edition, excluding Law Schools)  |d vLex Global (U.S. Academic Edition, Law Schools)  |d vLex Global (U.S. Academic Edition, excluding Law Schools)  |d vLex Global (Academic Edition, Law Schools) 
650 0 4 |a Derecho Laboral y Seguridad Social  |z Brasil 
700 1 |a Neves Delgado, Gabriela 
740 0 |a vLex Libros (Servicio en ln̕ea) 
856 4 0 |u http://vlex.com/source/reforma-trabalhista-brasil-comentarios-lei-n-13-467-2017-2-edi-o-22014  |z Acceso restringido 
942 |c BOOK 
999 0 |a Labor law and social security